000 02071 a2200181 4500
003 Nust
005 20170207154025.0
035 _a(SFX)111056487032428
040 _cNust
245 1 0 _aSniffer Pro Network Optimization & Troubleshooting Handbook (E-BOOK)
_h[Elektronisk resurs]
260 _aBurlington :
_bSyngress
_c2002
505 _aChapter 1: Introduction to Sniffer Chapter 2: Installing Sniffer Pro Chapter 3:The Sniffer Pro Interface Chapter 4: Configuring Sniffer to Monitor Network Applications Chapter 5: Monitoring the Performance of the Network Chapter 6: Capturing Network Data for Analysis Chapter 7: Analyzing Network Issues Chapter 8: Triggers & Alarms Chapter 9: Reporting Chapter 10: Using Filters Chapter 11 Troubleshooting Network Techniques Chapter 12: Troubleshooting Traffic & Applications with Security in Mind Chapter 13: Troubleshooting Traffic for Network Optimization
651 _aE-BOOK
856 4 0 _uhttp://link.libris.kb.se/sfxcthb?url_ver=Z39.88-2004&ctx_ver=Z39.88-2004&ctx_enc=info:ofi/enc:UTF-8&rfr_id=info:sid/sfxit.com:opac_856&url_ctx_fmt=info:ofi/fmt:kev:mtx:ctx&sfx.ignore_date_threshold=1&rft.object_id=111056487032428&svc_val_fmt=info:ofi/fmt:kev:mtx:sch_svc&
856 4 0 _uhttp://link.libris.kb.se/sfxkth?url_ver=Z39.88-2004&ctx_ver=Z39.88-2004&ctx_enc=info:ofi/enc:UTF-8&rfr_id=info:sid/sfxit.com:opac_856&url_ctx_fmt=info:ofi/fmt:kev:mtx:ctx&sfx.ignore_date_threshold=1&rft.object_id=111056487032428&svc_val_fmt=info:ofi/fmt:kev:mtx:sch_svc&
856 4 0 _uhttp://link.libris.kb.se/sfxliub?url_ver=Z39.88-2004&ctx_ver=Z39.88-2004&ctx_enc=info:ofi/enc:UTF-8&rfr_id=info:sid/sfxit.com:opac_856&url_ctx_fmt=info:ofi/fmt:kev:mtx:ctx&sfx.ignore_date_threshold=1&rft.object_id=111056487032428&svc_val_fmt=info:ofi/fmt:kev:mtx:sch_svc&
856 4 0 _uhttp://sfxeu05.hosted.exlibrisgroup.com/46LUB?url_ver=Z39.88-2004&ctx_ver=Z39.88-2004&ctx_enc=info:ofi/enc:UTF-8&rfr_id=info:sid/sfxit.com:opac_856&url_ctx_fmt=info:ofi/fmt:kev:mtx:ctx&sfx.ignore_date_threshold=1&rft.object_id=111056487032428&svc_val_fmt=info:ofi/fmt:kev:mtx:sch_svc&
942 _2ddc
_cBK
999 _c191846
_d191846